000 00289nam a22001217a 4500
008 230703b xxu||||| |||| 00| 0 eng d
082 _a351
_bUNI
100 _cUN
245 _aRethinking Public Administration:
_bAn Overview
260 _c1998
300 _avarious paging
942 _2ddc
_cBK
999 _c3221
_d3221